Big Tudor Quiz - Statistics

General Stats
  • This quiz has been taken 5,045 times
  • The average score is 38 of 47
Answer Stats
Hint Answer % Correct
Their other surviving Daughter Mary
99%
Who took the throne? Mary I of England
99%
His Queen Consort Elizabeth of York
98%
Because he wanted to marry... Anne Boleyn
97%
First Tudor King Henry VII
97%
His first Wife Catherine of Aragon
96%
How did this marriage end? Divorce
95%
The subsequent heir to the Throne Henry VIII
94%
He then married... Jane Seymour
94%
How did this marriage end? Beheading
93%
But how did this end? Death of Jane
93%
Who had his son... Edward VI
93%
Who took the throne after his death? Edward VI of England
93%
And her heir was... Elizabeth I of England
93%
This marriage caused the break from... The Catholic Church
93%
And was a devout... Catholic
90%
Later nicknamed... Bloody Mary
89%
Her name was? Anne of Cleves
86%
...who became Queen of Scots
86%
Making her reign the last of the House of... Tudor
86%
His final wife was... Catherine Parr
85%
She was nicknamed... The Virgin Queen
85%
She was accused of... Adultery
84%
But they... Died
83%
and their Daughter... Mary I
82%
He went on to marry... Catherine Howard
80%
Because she had no... Husband
80%
But they ruled for only how many days? Nine
79%
Their first Son Arthur
78%
Who did they name their heir? Lady Jane Grey
78%
And she... Outlived Henry
77%
With whom he had a daughter... Elizabeth I
76%
...who became Queen of France
75%
And the start of the House of... Stuart
75%
and... Beheaded
71%
Which combined the thrones of... England and Scotland
71%
She was married to... Philip of Spain
69%
She had nearly 300 religious dissenters... Burned at the stake
67%
And her heir was... James VI and I
67%
Who did she have executed? Mary Queen of Scots
66%
Their first Daughter Margaret
64%
How did he pick his next wife? Portrait
63%
How did this end? Annulment
56%
She died in... 1603
52%
Who was first cousin and lady-in-waiting to... Anne Boleyn
50%
Her reign was nicknamed... The Golden Age
46%
She died in... 1558
45%
No matching quizzes found
Score Distribution
Percent of People with Each Score
Percentile by Number Answered
Your Score History
You have not taken this quiz